Molecular interactions in bioseparations /

Bibliographic Details
Other Authors: Ngo, T. T. (That Tjien), 1944-
Format: Book
Language:English
Published: New York : Plenum Press, [1993]
Series:Language of science.
Subjects:

MARC

Tag First Indicator Second Indicator Subfields
LEADER 00000cam a2200000 a 4500
001 in00001168432
005 20151001083008.0
008 930824s1993 nyua b 001 0 eng
010 |a  93034419  
015 |a GB94-6388 
020 |a 0306444356 
035 |a (OCoLC)28845378 
035 |9 AGF5788AM 
040 |a DLC  |c DLC  |d UKM  |d MMU  |d TXA  |d UtOrBLW 
049 |a TXAM 
050 0 0 |a QP519.9.A35  |b M65 1993 
082 0 0 |a 574.19/285  |2 20 
096 |a QU 25 .M718 1993 
245 0 0 |a Molecular interactions in bioseparations /  |c edited by That T. Ngo. 
264 1 |a New York :  |b Plenum Press,  |c [1993] 
264 4 |c ©1993 
300 |a xvii, 570 pages :  |b illustrations ;  |c 26 cm. 
336 |a text  |b txt  |2 rdacontent 
337 |a unmediated  |b n  |2 rdamedia 
338 |a volume  |b nc  |2 rdacarrier 
490 1 |a The Language of science 
504 |a Includes bibliographical references and index. 
650 0 |a Affinity chromatography. 
650 0 |a Biomolecules  |x Separation. 
650 2 |a Chromatography, Affinity  |x methods. 
650 2 |a Proteins  |x isolation & purification. 
653 0 |a Molecules  |a Structure 
653 0 |a Affinity chromatography 
700 1 |a Ngo, T. T.  |q (That Tjien),  |d 1944- 
830 0 |a Language of science. 
999 |a MARS 
999 f f |s 6e57a247-2409-38ee-b194-21839b458909  |i 3d2709ae-88cf-3119-8d05-f2ade95df7b9  |t 0 
952 f f |p ric  |a Texas A&M University  |b Rellis Campus  |c Joint Library Facility  |d Remote Storage  |t 0  |e QP519.9.A35 M65 1993  |h Library of Congress classification  |i unmediated -- volume  |m A14818160748 
998 f f |a QP519.9.A35 M65 1993  |t 0  |l Remote Storage